Los trasplantados
Gardado en:
| Autor Principal: | |
|---|---|
| Formato: | Libro |
| Idioma: | Lingua castelá |
| Publicado: |
París
Garnier Hermanos
1904
|
| Subjects: | |
| Tags: |
Engadir etiqueta
Sen Etiquetas, Sexa o primeiro en etiquetar este rexistro!
|
MARC
| LEADER | 00000nam a2200000 a 4500 | ||
|---|---|---|---|
| 001 | UCY7860 | ||
| 003 | CL-VaPUC | ||
| 008 | 950622e19040000FR |||||||||||||||||spa|d | ||
| 082 | 0 | 4 | |a Ch863 |b BLE |2 21 |
| 100 | 0 | |a Blest Gana, Alberto |e author |9 338719 | |
| 245 | 1 | 4 | |a Los trasplantados |
| 300 | |a v | ||
| 942 | |c BK | ||
| 945 | |d 19950622 00:00:00 |a rbrito | ||
| 260 | |a París |b Garnier Hermanos |c 1904 | ||
| 650 | 0 | |a Novelas chilenas |9 265425 | |
| 583 | |a last modification |c 19950622 00:00:00 |k Rodrigo Vera | ||
| 999 | |c 235161 |d 235159 | ||
| 952 | |0 0 |1 0 |4 0 |6 CH_863_000000000000000_BLE_1904 |7 0 |8 A |9 242377 |a BIBEDU |b BIBEDU |d 2019-11-18 |h v.1 |i 3096203 |l 3 |o Ch863 BLE 1904 |p 3096203 |r 2022-04-21 |s 2022-04-18 |w 2019-11-18 |y BK |k LIT | ||